| 000 | 00413nam a2200133 i 4500 | ||
|---|---|---|---|
| 001 | bg | ||
| 100 | 1 | _aWITOS, Tadeusz | |
| 245 | 0 |
_aZmiany oksydacji tłuszczowców oraz opracowanie nowej metody uwalniania dwualdechydu malonowego z użyciem hydrolizy alkalicznej... / _cTadeusz Witos. |
|
| 260 |
_aSzczecin, _c1973. |
||
| 040 | _cBPK | ||
| 041 | _apol | ||
| 942 | _cKS | ||
| 008 | s pl f |000 0 pol | ||
| 999 |
_c26103 _d26103 |
||
| 856 |
_uhttp://koha.tu.koszalin.pl/cgi-bin/koha/opac-detail.pl?biblionumber=26103 _yKatalog online BPK |
||